Statistics for Jetpunk Interesting Facts Quiz #1

Click here to take the quiz!

General Stats

  • This quiz has been taken 104 times
  • The average score is 10 of 15

Answer Stats

QuestionAnswer% Correct
What is both the deepest and the oldest lake in the world?Lake Baikal
89%
It is claimed that the CIA plotted to assassinate Fidel Castro using...an exploding cigar
83%
Did Gandhi win the Nobel Peace Prize?No
83%
There are an estimated 3.04 trillion trees on Earth.True
80%
Velociraptors had feathers.True
80%
What two U.S. presidents both died on the Fourth of July, 1826.John Adams and Thomas Jefferson
76%
The airspeed velocity of an unladen swallow (bird) is about 24 miles per hour.True
74%
In Jewish mythology, who was Adam's wife before Eve?Lilith
68%
Viking warriors served as elite troops in the army of the Byzantine Empire.True
66%
During the American Civil War, 168,649 men were drafted by the Northern states. However, nearly 70% of the men that were drafted hired substitutes to fight in their place.True
61%
Which country is youngest?Germany
58%
What is the closest distance between Russia and the U.S.?2.3 miles
54%
Which country has the most time zones?France
45%
Pink Floyd's "The Dark Side of the Moon" was one of the top 200 best-selling albums in the United States...for over 14 years
38%
New Zealand was completely uninhabited by people until around...1250
34%

Score Distribution

Percentile by Number Answered

Percent of People with Each Score

Your Score History

You have not taken this quiz